[Event "POL-chT U26 rapid"]
[Site "Hucisko"]
[Date "2016.01.16"]
[Round "2.1"]
[White "Januszewski, Piotr"]
[Black "Tomczak, Jacek"]
[Result "0-1"]
[WhiteElo "1937"]
[BlackElo "2587"]
[PlyCount "80"]
[EventDate "2016.01.16"]
[EventType "team-swiss (rapid)"]
[EventRounds "9"]
[EventCountry "POL"]
[SourceTitle "CBM 170 Extra"]
[Source "ChessBase"]
[SourceDate "2016.02.25"]
[SourceVersion "1"]
[SourceVersionDate "2016.02.25"]
[SourceQuality "1"]
[WhiteTeam "Gdansk PG"]
[BlackTeam "Poznan UE"]
[WhiteTeamCountry "POL"]
[BlackTeamCountry "POL"]

1. g3 Nf6 2. Bg2 d5 3. Nf3 Bf5 4. d3 e6 5. 0-0 Be7 6. Nbd2 0-0 7. Re1 c5 8. h3 h6 9. e3 Nc6 10. Nf1 e5 11. g4 Bh7 12. Ng3 Re8 13. Bd2 e4 14. dxe4 Nxe4 15. Nxe4 dxe4 16. Nh2 Bf6 17. Bc3 Bxc3 18. Qxd8 Raxd8 19. bxc3 Ne7 20. c4 Nc6 21. Red1 f6 22. Rd5 b6 23. c3 Ne5 24. Rad1 Rc8 25. Nf1 Nxc4 26. Rd7 a5 27. Ng3 Bg6 28. Rb7 Rcd8 29. Rxd8 Rxd8 30. Bf1 Ne5 31. Rxb6 Rd2 32. a4 Rc2 33. Ra6 Rxc3 34. Rxa5 Nd3 35. Ra8+ Kh7 36. h4 Rc1 37. Ra7 Ne5 38. h5 Bf7 39. Kg2 c4 40. Nf5 c3 0-1

[Event "POL-chT4 Kujawsko Pomorskie 1011"]
[Site "Poland"]
[Date "2011.03.27"]
[Round "9.1"]
[White "Januszewski, Piotr"]
[Black "Szczesniak, Andrzej"]
[Result "1-0"]
[WhiteElo "1890"]
[BlackElo "2071"]
[PlyCount "85"]
[EventDate "2010.11.07"]
[EventType "team-swiss"]
[EventRounds "10"]
[EventCountry "POL"]
[SourceTitle "EXT 2019"]
[Source "ChessBase"]
[SourceDate "2018.10.10"]
[SourceVersion "1"]
[SourceVersionDate "2018.10.10"]
[SourceQuality "1"]

1. e4 c5 2. Nc3 a6 3. a4 Nc6 4. f4 e6 5. Bc4 Nf6 6. e5 d5 7. Be2 d4 8. exf6 dxc3 9. dxc3 Qxd1+ 10. Bxd1 gxf6 11. Bf3 e5 12. Ne2 Bf5 13. fxe5 fxe5 14. Ng3 Bxc2 15. 0-0 Na5 16. Bg5 Be7 17. Bxe7 Kxe7 18. Bd5 f6 19. b4 cxb4 20. cxb4 Rad8 21. Be4 Bxe4 22. Nxe4 Nb3 23. Ra2 Rhf8 24. Raf2 f5 25. Rxf5 Rxf5 26. Rxf5 Ke6 27. Rh5 Rd4 28. Ng5+ Kd5 29. Rxh7 Rg4 30. h4 Rxb4 31. h5 Rg4 32. Nh3 Nc5 33. h6 Rh4 34. Ng5 e4 35. Kf2 Nd3+ 36. Kf1 Rg4 37. Rg7 Rh4 38. h7 Rh1+ 39. Ke2 Nf4+ 40. Kd2 e3+ 41. Kxe3 Nxg2+ 42. Kf2 Nf4 43. Rg8 1-0

[Event "POL-chT4 Kujawsko Pomorskie 1011"]
[Site "Poland"]
[Date "2011.01.09"]
[Round "4.1"]
[White "Wolanski, Michal"]
[Black "Januszewski, Piotr"]
[Result "1/2-1/2"]
[WhiteElo "1966"]
[BlackElo "1890"]
[PlyCount "101"]
[EventDate "2010.11.07"]
[EventType "team-swiss"]
[EventRounds "10"]
[EventCountry "POL"]
[SourceTitle "EXT 2019"]
[Source "ChessBase"]
[SourceDate "2018.10.10"]
[SourceVersion "1"]
[SourceVersionDate "2018.10.10"]
[SourceQuality "1"]

1. c4 e5 2. Nc3 Nf6 3. Nf3 e4 4. Ng5 b5 5. g3 bxc4 6. Ngxe4 Nxe4 7. Nxe4 d5 8. Nc3 c6 9. Bg2 Bc5 10. 0-0 h5 11. d4 cxd3 12. exd3 Qf6 13. Re1+ Be6 14. Be3 Be7 15. Qa4 0-0 16. d4 Rc8 17. Rac1 Nd7 18. Ne2 Nb6 19. Qd1 g5 20. b3 Bf5 21. Nc3 Qg6 22. Qd2 a5 23. Bf3 g4 24. Bd1 Ba3 25. Ra1 Nd7 26. Bf4 Nf6 27. Re3 Ne4 28. Nxe4 Bxe4 29. f3 gxf3 30. Bxf3 c5 31. Bxe4 dxe4 32. Qe2 cxd4 33. Rxe4 Rd8 34. Rd1 Bc5 35. Rd3 Rac8 36. Re5 f6 37. Rxh5 Re8 38. Rh6 Rxe2 39. Rxg6+ Kf7 40. Rh6 Kg7 41. Rh5 Rxa2 42. Rd2 Rxd2 43. Bxd2 d3+ 44. Kf1 Bb4 45. Bxb4 axb4 46. Ke1 Rc3 47. Rb5 Rxb3 48. Kd2 Kg6 49. g4 Rb2+ 50. Kxd3 Rxh2 51. Rxb4 1/2-1/2

[Event "POL-chT3 Kujawsko Pomorskie 1011"]
[Site "Poland"]
[Date "2010.12.12"]
[Round "3.1"]
[White "Januszewski, Piotr"]
[Black "Darowicki, Mariusz"]
[Result "1-0"]
[WhiteElo "1890"]
[BlackElo "1920"]
[PlyCount "89"]
[EventDate "2010.11.07"]
[EventType "team-tourn"]
[EventRounds "11"]
[EventCountry "POL"]
[SourceTitle "EXT 2019"]
[Source "ChessBase"]
[SourceDate "2018.10.10"]
[SourceVersion "1"]
[SourceVersionDate "2018.10.10"]
[SourceQuality "1"]

1. e4 e5 2. Nf3 Nc6 3. d4 exd4 4. c3 d3 5. Bxd3 d6 6. h3 Nf6 7. 0-0 Be7 8. Nbd2 0-0 9. Nd4 d5 10. Nxc6 bxc6 11. e5 Nd7 12. f4 Bc5+ 13. Kh1 Qh4 14. Nf3 Qg3 15. Bxh7+ Kxh7 16. Ng5+ Kg8 17. Qh5 Qd3 18. Bd2 Qg6 19. Qxg6 fxg6 20. Ne6 Rf7 21. Nxc7 Rb8 22. e6 Re7 23. exd7 Rxd7 24. Ne6 Bd6 25. b3 g5 26. Nxg5 Bb7 27. Rfe1 d4 28. c4 Rf8 29. Re6 Bxf4 30. Bxf4 Rxf4 31. Re8+ Rf8 32. Rxf8+ Kxf8 33. Ne6+ Ke7 34. Nc5 Rc7 35. Nxb7 Rxb7 36. Rd1 Rd7 37. Kg1 Ke6 38. Kf2 Ke5 39. Ke2 Ke4 40. Kd2 d3 41. Re1+ Kd4 42. Re3 Rf7 43. Rxd3+ Kc5 44. Kc3 Rf2 45. Rd2 1-0

[Event "POL-chT 2st League"]
[Site "Mrzezyno"]
[Date "2010.09.09"]
[Round "6.67"]
[White "Januszewski, Piotr"]
[Black "Bebel, Arkadiusz"]
[Result "0-1"]
[WhiteElo "1881"]
[BlackElo "2297"]
[PlyCount "80"]
[EventDate "2010.09.04"]
[EventType "team-swiss"]
[EventRounds "9"]
[EventCountry "POL"]
[SourceTitle "EXT 2019"]
[Source "ChessBase"]
[SourceDate "2018.10.10"]
[SourceVersion "1"]
[SourceVersionDate "2018.10.10"]
[SourceQuality "1"]
[WhiteTeam "Chojnice UKS Osemka"]
[BlackTeam "Wroclaw KS Polonia II"]
[WhiteTeamCountry "POL"]
[BlackTeamCountry "POL"]

1. e4 c5 2. Nc3 e6 3. Bc4 Nc6 4. f4 a6 5. a4 Nge7 6. d3 d5 7. Bb3 g6 8. Nf3 Bg7 9. 0-0 0-0 10. Qe1 Nd4 11. Nxd4 cxd4 12. Nd1 dxe4 13. dxe4 Bd7 14. Nf2 Rc8 15. Nd3 b5 16. a5 Rc7 17. Bd2 Nc6 18. Qg3 f5 19. e5 Re8 20. Qf2 Bf8 21. h3 Bc8 22. g4 Bb7 23. Kh2 Kh8 24. Rg1 Qd7 25. Rg3 Ne7 26. Bb4 fxg4 27. hxg4 Nd5 28. Bd2 Rec8 29. Qxd4 Rxc2 30. Bxc2 Rxc2 31. Rd1 Qc6 32. Rgg1 Qc4 33. Qxc4 bxc4 34. Ne1 Rxb2 35. Kg3 Rb3+ 36. Kh4 Bc5 37. Rf1 g5+ 38. fxg5 Ne7 39. g6 Nxg6+ 40. Kg5 Kg7 0-1

[Event "POL-chT 2st League"]
[Site "Mrzezyno"]
[Date "2010.09.07"]
[Round "4.43"]
[White "Bronowicki, Mateusz"]
[Black "Januszewski, Piotr"]
[Result "1-0"]
[WhiteElo "2338"]
[BlackElo "1881"]
[PlyCount "60"]
[EventDate "2010.09.04"]
[EventType "team-swiss"]
[EventRounds "9"]
[EventCountry "POL"]
[SourceTitle "EXT 2019"]
[Source "ChessBase"]
[SourceDate "2018.10.10"]
[SourceVersion "1"]
[SourceVersionDate "2018.10.10"]
[SourceQuality "1"]
[WhiteTeam "Gorzow Wielkopolski Stilon II"]
[BlackTeam "Chojnice UKS Osemka"]
[WhiteTeamCountry "POL"]
[BlackTeamCountry "POL"]

1. d4 Nf6 2. Nf3 d6 3. c4 Nbd7 4. Nc3 e5 5. g3 Be7 6. Bg2 0-0 7. 0-0 c6 8. e4 a6 9. a4 Qc7 10. a5 Ne8 11. Qc2 g6 12. b4 Ng7 13. dxe5 dxe5 14. c5 Nf6 15. h3 Be6 16. Na4 Rad8 17. Bb2 Nd7 18. Nd2 f5 19. exf5 gxf5 20. f4 e4 21. Nc4 Bf6 22. Nd6 Bxb2 23. Nxb2 Nf6 24. Nbc4 Nge8 25. g4 fxg4 26. hxg4 Bxg4 27. Bxe4 Kg7 28. Bg2 Nd5 29. f5 Nef6 30. Rad1 h5 1-0

[Event "POL-chT 2st League"]
[Site "Mrzezyno"]
[Date "2010.09.05"]
[Round "2.43"]
[White "Januszewski, Piotr"]
[Black "Brzeski, Maciej"]
[Result "0-1"]
[WhiteElo "1881"]
[BlackElo "2333"]
[PlyCount "89"]
[EventDate "2010.09.04"]
[EventType "team-swiss"]
[EventRounds "9"]
[EventCountry "POL"]
[SourceTitle "EXT 2019"]
[Source "ChessBase"]
[SourceDate "2018.10.10"]
[SourceVersion "1"]
[SourceVersionDate "2018.10.10"]
[SourceQuality "1"]
[WhiteTeam "Chojnice UKS Osemka"]
[BlackTeam "Warszawa Polonia II"]
[WhiteTeamCountry "POL"]
[BlackTeamCountry "POL"]

1. e4 c5 2. Nf3 d6 3. Nc3 g6 4. d4 cxd4 5. Nxd4 Bg7 6. Be3 Nc6 7. Be2 Nf6 8. 0-0 0-0 9. Kh1 d5 10. exd5 Nxd5 11. Nxd5 Qxd5 12. Bf3 Qa5 13. Nxc6 bxc6 14. c3 Ba6 15. Re1 Rfd8 16. Qc1 Qb5 17. Qc2 Rab8 18. Be2 Qb7 19. Bxa6 Qxa6 20. a3 Rb7 21. Rad1 Rd5 22. h3 Qc4 23. Rb1 a5 24. Rbd1 a4 25. Bc1 e6 26. Rd2 e5 27. Re4 Qf1+ 28. Kh2 Bh6 29. Rxd5 cxd5 30. Bxh6 dxe4 31. Qxa4 Rb8 32. Qxe4 Qb5 33. a4 Qc5 34. f4 exf4 35. Qxf4 Rxb2 36. Qf6 Qc7+ 37. Bf4 Qb6 38. Qe7 Qc6 39. Qd8+ Kg7 40. Be5+ f6 41. Qe7+ Kh6 42. Bf4+ g5 43. Bxg5+ fxg5 44. Qf8+ Kg6 45. Qg8+ 0-1

[Event "Chojnice op-B 6th"]
[Site "Chojnice"]
[Date "2010.07.14"]
[Round "7.4"]
[White "Januszewski, Piotr"]
[Black "Kaczmarek, Alicja"]
[Result "1-0"]
[WhiteElo "1879"]
[BlackElo "1806"]
[PlyCount "61"]
[EventDate "2010.07.08"]
[EventType "swiss"]
[EventRounds "9"]
[EventCountry "POL"]
[SourceTitle "EXT 2023"]
[Source "ChessBase"]
[SourceDate "2022.10.05"]
[SourceVersion "1"]
[SourceVersionDate "2022.10.05"]
[SourceQuality "1"]

1. e4 c5 2. Nc3 Nc6 3. f4 g6 4. Bc4 Bg7 5. Nf3 e6 6. 0-0 Nge7 7. d3 a6 8. a4 0-0 9. Qe1 d5 10. Bb3 Nd4 11. Nxd4 cxd4 12. Nd1 dxe4 13. dxe4 d3 14. cxd3 Qxd3 15. Rf3 Qd6 16. Nf2 e5 17. fxe5 Bxe5 18. Bh6 Bg7 19. Bxg7 Kxg7 20. Qc3+ f6 21. Rd1 Qc6 22. Qb4 Qe8 23. Qb6 Nc6 24. Rfd3 f5 25. Qc7+ Kf6 26. Nh3 fxe4 27. Rf1+ Bf5 28. Rd6+ Ke5 29. Rd7+ Kf6 30. Qd6+ Qe6 31. Qxe6# 1-0

[Event "Chojnice op-B 6th"]
[Site "Chojnice"]
[Date "2010.07.10"]
[Round "2.4"]
[White "Sowa, Martyna"]
[Black "Januszewski, Piotr"]
[Result "0-1"]
[WhiteElo "1695"]
[BlackElo "1879"]
[PlyCount "42"]
[EventDate "2010.07.08"]
[EventType "swiss"]
[EventRounds "9"]
[EventCountry "POL"]
[SourceTitle "EXT 2023"]
[Source "ChessBase"]
[SourceDate "2022.10.05"]
[SourceVersion "1"]
[SourceVersionDate "2022.10.05"]
[SourceQuality "1"]

1. e4 c5 2. Nf3 Nc6 3. d4 cxd4 4. Nxd4 g6 5. Nc3 Bg7 6. Be3 Nf6 7. Bc4 0-0 8. f3 Qb6 9. Qd3 Ne5 10. Qe2 Qxb2 11. Kd2 Qb4 12. Bd3 Nc6 13. Rab1 Qa5 14. Rb5 Qc7 15. Nxc6 dxc6 16. Rb3 Qa5 17. Rd1 Be6 18. Bc4 Rad8+ 19. Kc1 Bc8 20. Bf2 b5 21. Bd3 Be6 0-1

[Event "Chojnice op-B 6th"]
[Site "Chojnice"]
[Date "2010.07.09"]
[Round "1.4"]
[White "Januszewski, Piotr"]
[Black "Zaporowski, Michal"]
[Result "1-0"]
[WhiteElo "1879"]
[BlackElo "1638"]
[PlyCount "60"]
[EventDate "2010.07.08"]
[EventType "swiss"]
[EventRounds "9"]
[EventCountry "POL"]
[SourceTitle "EXT 2023"]
[Source "ChessBase"]
[SourceDate "2022.10.05"]
[SourceVersion "1"]
[SourceVersionDate "2022.10.05"]
[SourceQuality "1"]

1. e4 c5 2. Nc3 Nc6 3. Bc4 Nf6 4. f4 d6 5. d3 g6 6. Nf3 Bg4 7. h3 Bxf3 8. Qxf3 Nd4 9. Qf2 Bg7 10. 0-0 0-0 11. Kh1 Rb8 12. Be3 b5 13. Bb3 Nd7 14. Nd1 a5 15. c3 Nxb3 16. axb3 b4 17. c4 Ra8 18. Qc2 f5 19. Nf2 e5 20. Rac1 Qh4 21. Qd2 exf4 22. Bxf4 Bxb2 23. Qxb2 Qxf4 24. exf5 Rxf5 25. Ng4 Qg5 26. Qe2 Ne5 27. Rxf5 Qxf5 28. Nh6+ Kg7 29. Nxf5+ gxf5 30. Rf1 a4 1-0

[Event "POL-chT3 Kujawsko Pomorskie 0910"]
[Site "Poland"]
[Date "2009.12.20"]
[Round "4.11"]
[White "Karbowiak, Adam"]
[Black "Januszewski, Piotr"]
[Result "1-0"]
[WhiteElo "2209"]
[BlackElo "1849"]
[PlyCount "85"]
[EventDate "2009.11.08"]
[EventType "team-tourn"]
[EventRounds "11"]
[EventCountry "POL"]
[SourceTitle "EXT 2020"]
[Source "ChessBase"]
[SourceDate "2019.10.17"]
[SourceVersion "1"]
[SourceVersionDate "2019.10.17"]
[SourceQuality "1"]

1. Nf3 Nf6 2. g3 g6 3. b4 Bg7 4. Bb2 d6 5. d3 0-0 6. Nbd2 e5 7. Bg2 Nc6 8. b5 Ne7 9. 0-0 Nd7 10. c4 f5 11. Qc2 h6 12. Nb3 g5 13. c5 Ng6 14. Nfd2 Nf6 15. Nc4 h5 16. Nba5 Rb8 17. Rac1 h4 18. Qb3 Kh7 19. b6 axb6 20. cxb6 c5 21. Ne3 f4 22. Nd5 g4 23. Nxf6+ Qxf6 24. Be4 f3 25. Rc2 Bh6 26. Qd5 hxg3 27. hxg3 Bg7 28. Nc4 Be6 29. Qxd6 Rbd8 30. Qxe5 Qxe5 31. Nxe5 Bxe5 32. Bxe5 Bf5 33. Bc7 Rd7 34. exf3 gxf3 35. Rxc5 Bxe4 36. dxe4 Ra8 37. Rc3 Rf7 38. a3 Re8 39. Re1 Nf8 40. Ree3 Rd7 41. Rxf3 Ne6 42. Rfd3 Rf7 43. f4 1-0

[Event "POL-chT3 Kujawsko Pomorskie 0910"]
[Site "Poland"]
[Date "2009.12.06"]
[Round "3.23"]
[White "Januszewski, Piotr"]
[Black "Michalak, Krzysztof"]
[Result "1-0"]
[WhiteElo "1849"]
[BlackElo "1639"]
[PlyCount "69"]
[EventDate "2009.11.08"]
[EventType "team-tourn"]
[EventRounds "11"]
[EventCountry "POL"]
[SourceTitle "EXT 2020"]
[Source "ChessBase"]
[SourceDate "2019.10.17"]
[SourceVersion "1"]
[SourceVersionDate "2019.10.17"]
[SourceQuality "1"]

1. e4 g6 2. d4 Bg7 3. Nc3 d6 4. Nf3 a6 5. Bd3 Nd7 6. 0-0 e5 7. dxe5 dxe5 8. Be3 Ngf6 9. h3 0-0 10. Qd2 b5 11. b4 Bb7 12. Rfe1 Re8 13. Bg5 Qc8 14. a4 c6 15. Nd1 Qc7 16. Nb2 c5 17. axb5 axb5 18. Bxb5 Bc6 19. Bd3 cxb4 20. Qxb4 Rab8 21. Qc3 Qb7 22. Nc4 Qb4 23. Qxb4 Rxb4 24. Bd2 Rbb8 25. Bc3 Nh5 26. g3 f6 27. Nd6 Re7 28. Bc4+ Kf8 29. Reb1 Rxb1+ 30. Rxb1 Bh6 31. Bb4 Kg7 32. Nh4 Nb6 33. Ndf5+ gxf5 34. Nxf5+ Kf8 35. Bxe7+ 1-0

[Event "Nakel district-ch"]
[Site "Szubin"]
[Date "2009.10.11"]
[Round "9"]
[White "Januszewski, Piotr"]
[Black "Urban, Jacek"]
[Result "1-0"]
[WhiteElo "1849"]
[BlackElo "1643"]
[PlyCount "63"]
[EventDate "2009.10.02"]
[EventType "swiss"]
[EventRounds "9"]
[EventCountry "POL"]
[SourceTitle "EXT 2018"]
[Source "ChessBase"]
[SourceDate "2017.10.13"]
[SourceVersion "1"]
[SourceVersionDate "2017.10.13"]
[SourceQuality "1"]

1. e4 e5 2. Nf3 Nf6 3. Bc4 Nc6 4. d4 exd4 5. Ng5 d5 6. exd5 Na5 7. Qxd4 Nxc4 8. Qxc4 Qxd5 9. Qxd5 Nxd5 10. Bd2 Bd6 11. 0-0 0-0 12. Ne4 Bf5 13. Nxd6 cxd6 14. Na3 h6 15. Rfe1 a6 16. Rad1 Rac8 17. c4 Nf6 18. Bb4 Rfd8 19. Rxd6 Rxd6 20. Bxd6 Ne4 21. Bb4 Kh7 22. g4 Bg6 23. f3 Ng5 24. Kg2 f5 25. gxf5 Bxf5 26. Re7 b5 27. cxb5 axb5 28. Bc3 Ne6 29. Nxb5 Rd8 30. a4 Nf4+ 31. Kf2 Nd5 32. Rxg7+ 1-0

[Event "Ostroda op 6th"]
[Site "Ostroda"]
[Date "2009.08.10"]
[Round "5"]
[White "Gajek, Radoslaw"]
[Black "Januszewski, Piotr"]
[Result "0-1"]
[WhiteElo "1785"]
[BlackElo "1874"]
[PlyCount "64"]
[EventDate "2009.08.07"]
[EventType "swiss"]
[EventRounds "9"]
[EventCountry "POL"]
[SourceTitle "EXT 2011"]
[Source "ChessBase"]
[SourceDate "2010.11.26"]
[SourceVersion "1"]
[SourceVersionDate "2010.11.26"]
[SourceQuality "1"]

1. e4 c5 2. Nf3 Nc6 3. d4 cxd4 4. Nxd4 g6 5. c4 Bg7 6. Be3 Nf6 7. Nc3 Ng4 8. Qxg4 Nxd4 9. Qd1 Ne6 10. Be2 0-0 11. 0-0 d6 12. Rc1 Bd7 13. f4 Rc8 14. f5 Nc5 15. b4 Bxc3 16. bxc5 Be5 17. cxd6 exd6 18. Bf4 Bc6 19. Bd3 Qh4 20. g3 Qh3 21. Bb1 f6 22. Bxe5 dxe5 23. Qd6 Rcd8 24. Qe6+ Rf7 25. Rf2 Qg4 26. Re1 Kg7 27. c5 Rd1 28. Rff1 Rxb1 29. Rxb1 Qxe4 30. Rb2 Qh1+ 31. Kf2 Qxh2+ 32. Ke3 Qxb2 0-1

[Event "Ostroda op 6th"]
[Site "Ostroda"]
[Date "2009.08.09"]
[Round "4"]
[White "Januszewski, Piotr"]
[Black "Puczylowski, Marcin"]
[Result "0-1"]
[WhiteElo "1874"]
[BlackElo "2017"]
[PlyCount "54"]
[EventDate "2009.08.07"]
[EventType "swiss"]
[EventRounds "9"]
[EventCountry "POL"]
[SourceTitle "EXT 2011"]
[Source "ChessBase"]
[SourceDate "2010.11.26"]
[SourceVersion "1"]
[SourceVersionDate "2010.11.26"]
[SourceQuality "1"]

1. e4 c5 2. Nc3 Nc6 3. Bc4 d6 4. f4 a6 5. Nf3 e6 6. 0-0 g6 7. a4 Bg7 8. d3 Nge7 9. Qe1 Nd4 10. Qf2 Rb8 11. Be3 Nec6 12. Nd1 b5 13. Ba2 bxa4 14. c3 Nb3 15. Bxb3 axb3 16. e5 dxe5 17. fxe5 Qc7 18. Bxc5 Nxe5 19. Nxe5 Bxe5 20. d4 Bxh2+ 21. Kh1 f5 22. Ne3 Bg3 23. Qe2 Qg7 24. Nxf5 gxf5 25. Rxf5 h5 26. Rxa6 Qg6 27. Rf1 Qg4 0-1

[Event "Chojnice op-B"]
[Site "Chojnice"]
[Date "2009.07.17"]
[Round "9"]
[White "Czapiewski, Waldemar"]
[Black "Januszewski, Piotr"]
[Result "1/2-1/2"]
[WhiteElo "1880"]
[BlackElo "1874"]
[PlyCount "45"]
[EventDate "2009.07.11"]
[EventType "swiss"]
[EventRounds "9"]
[EventCountry "POL"]
[SourceTitle "EXT 2011"]
[Source "ChessBase"]
[SourceDate "2010.11.26"]
[SourceVersion "1"]
[SourceVersionDate "2010.11.26"]
[SourceQuality "1"]

1. e4 c5 2. Nc3 Nc6 3. f4 g6 4. Nf3 Bg7 5. d3 e6 6. Be2 Nge7 7. 0-0 d6 8. Kh1 a6 9. a4 b6 10. Bd2 Bb7 11. Qc1 f5 12. exf5 exf5 13. Nd1 Qd7 14. Bc3 Nd5 15. Bxg7 Qxg7 16. Ne3 Nxe3 17. Qxe3+ Qe7 18. Qxe7+ Nxe7 19. Kg1 h6 20. Nd2 0-0-0 21. Nc4 Kc7 22. c3 Nc6 23. Bf3 1/2-1/2

[Event "Chojnice op-B"]
[Site "Chojnice"]
[Date "2009.07.15"]
[Round "7"]
[White "Bartoszek, Marcin"]
[Black "Januszewski, Piotr"]
[Result "0-1"]
[WhiteElo "1766"]
[BlackElo "1874"]
[PlyCount "50"]
[EventDate "2009.07.11"]
[EventType "swiss"]
[EventRounds "9"]
[EventCountry "POL"]
[SourceTitle "EXT 2011"]
[Source "ChessBase"]
[SourceDate "2010.11.26"]
[SourceVersion "1"]
[SourceVersionDate "2010.11.26"]
[SourceQuality "1"]

1. e4 c5 2. Nc3 Nc6 3. f4 g6 4. Nf3 Bg7 5. Bc4 e6 6. 0-0 d6 7. d3 Nge7 8. Qe1 0-0 9. f5 exf5 10. Qh4 h5 11. g4 fxg4 12. Ng5 d5 13. Nxd5 Nxd5 14. exd5 Ne5 15. Qg3 Bf5 16. Bd2 b5 17. Bxb5 Qxd5 18. Bc3 Nf3+ 19. Nxf3 gxf3 20. Rxf3 Bd4+ 21. Kf1 Bg4 22. Bxd4 cxd4 23. Rf6 Qxb5 24. h3 Bf5 25. Re1 Rfe8 0-1

[Event "Chojnice op-B"]
[Site "Chojnice"]
[Date "2009.07.13"]
[Round "4"]
[White "Januszewski, Piotr"]
[Black "Chojnowski, Robert"]
[Result "1-0"]
[WhiteElo "1874"]
[BlackElo "1638"]
[PlyCount "57"]
[EventDate "2009.07.11"]
[EventType "swiss"]
[EventRounds "9"]
[EventCountry "POL"]
[SourceTitle "EXT 2011"]
[Source "ChessBase"]
[SourceDate "2010.11.26"]
[SourceVersion "1"]
[SourceVersionDate "2010.11.26"]
[SourceQuality "1"]

1. e4 e6 2. d3 d5 3. Nd2 c5 4. Ngf3 Nc6 5. g3 d4 6. Bg2 e5 7. Nc4 Bd6 8. Nxd6+ Qxd6 9. 0-0 Nge7 10. Nd2 Be6 11. f4 f6 12. a3 b5 13. Qe2 a5 14. Nf3 c4 15. Bd2 0-0 16. fxe5 fxe5 17. Ng5 cxd3 18. cxd3 h6 19. Nxe6 Qxe6 20. Rad1 Qb3 21. Bc1 b4 22. Bh3 bxa3 23. bxa3 Na7 24. Qh5 Qb5 25. Bxh6 g6 26. Be6+ Kh7 27. Qh4 Rxf1+ 28. Rxf1 Nf5 29. exf5 1-0

[Event "Chojnice op-B"]
[Site "Chojnice"]
[Date "2009.07.11"]
[Round "1"]
[White "Wodzynska, Zofia"]
[Black "Januszewski, Piotr"]
[Result "0-1"]
[WhiteElo "1531"]
[BlackElo "1874"]
[PlyCount "80"]
[EventDate "2009.07.11"]
[EventType "swiss"]
[EventRounds "9"]
[EventCountry "POL"]
[SourceTitle "EXT 2011"]
[Source "ChessBase"]
[SourceDate "2010.11.26"]
[SourceVersion "1"]
[SourceVersionDate "2010.11.26"]
[SourceQuality "1"]

1. e4 c5 2. Nf3 Nc6 3. d4 cxd4 4. Nxd4 g6 5. Nc3 Bg7 6. Be3 Nf6 7. Be2 0-0 8. Qd2 d5 9. f3 dxe4 10. fxe4 Nxd4 11. Bxd4 Nxe4 12. Nxe4 Qxd4 13. Qxd4 Bxd4 14. 0-0-0 Be3+ 15. Kb1 Bf5 16. Nc3 Rad8 17. g4 Be6 18. h4 a6 19. h5 Rd4 20. hxg6 hxg6 21. Rh3 Rxd1+ 22. Nxd1 Bd4 23. Rh1 Kg7 24. Bf3 b5 25. Re1 Rh8 26. g5 Rh3 27. Be4 Rg3 28. Bd3 Rxg5 29. a3 Rg1 30. Rxg1 Bxg1 31. Nc3 Be3 32. Ne2 f5 33. b4 Bd5 34. c3 f4 35. Kc2 g5 36. Kd1 g4 37. Ke1 g3 38. Bf5 g2 39. Bc8 f3 40. Ng3 g1Q+ 0-1

[Event "Kowalewo Pomorskie op-B 16th"]
[Site "Kowalewo Pomorskie"]
[Date "2009.07.09"]
[Round "8"]
[White "Slobodzian, Mateusz"]
[Black "Januszewski, Piotr"]
[Result "0-1"]
[WhiteElo "1719"]
[BlackElo "1874"]
[PlyCount "84"]
[EventDate "2009.07.04"]
[EventType "swiss"]
[EventRounds "9"]
[EventCountry "POL"]
[SourceTitle "EXT 2011"]
[Source "ChessBase"]
[SourceDate "2010.11.26"]
[SourceVersion "1"]
[SourceVersionDate "2010.11.26"]
[SourceQuality "1"]

1. d4 Nf6 2. Nf3 d6 3. c4 Nbd7 4. Nc3 e5 5. e4 Be7 6. Be2 c6 7. 0-0 0-0 8. h3 Re8 9. Be3 Bf8 10. d5 g6 11. b4 Qc7 12. Qb3 Nh5 13. Rfd1 a6 14. Rac1 h6 15. Na4 Nf4 16. Bf1 g5 17. g3 Ng6 18. c5 a5 19. a3 axb4 20. axb4 Nf6 21. Nb6 Rb8 22. cxd6 Bxd6 23. Qc4 g4 24. Ne1 gxh3 25. f3 Nd7 26. Nxc8 Rbxc8 27. dxc6 Ndf8 28. Bxh3 Rcd8 29. Qb5 bxc6 30. Rxc6 Qe7 31. Nc2 Rb8 32. Rb6 Rxb6 33. Qxb6 Rd8 34. Qc6 h5 35. Bf5 h4 36. g4 Nf4 37. b5 Bc5 38. Rxd8 Qxd8 39. Qxc5 Qd1+ 40. Kh2 Qe2+ 41. Bf2 Qf1 42. Ne1 Qh3+ 0-1

[Event "Chelmza op-A"]
[Site "Chelmza"]
[Date "2009.06.22"]
[Round "4"]
[White "Kobus, Sebastian"]
[Black "Januszewski, Piotr"]
[Result "1-0"]
[WhiteElo "2035"]
[BlackElo "1874"]
[PlyCount "53"]
[EventDate "2009.06.20"]
[EventType "swiss"]
[EventRounds "9"]
[EventCountry "POL"]
[SourceTitle "EXT 2012"]
[Source "ChessBase"]
[SourceDate "2011.11.24"]
[SourceVersion "1"]
[SourceVersionDate "2011.11.24"]
[SourceQuality "1"]

1. e4 c5 2. Nf3 Nc6 3. d4 cxd4 4. Nxd4 e5 5. Nb3 Nf6 6. Bg5 Be7 7. Bxf6 gxf6 8. Nc3 d6 9. Bc4 Be6 10. Bxe6 fxe6 11. Qh5+ Kd7 12. 0-0-0 Kc8 13. Qh3 Qg8 14. Nb5 a6 15. Nxd6+ Kc7 16. Nc5 Nd8 17. Ndxb7 Nxb7 18. Nxb7 f5 19. Qc3+ Kb8 20. Qxe5+ Ka7 21. Rd7 Qc8 22. Rxe7 Qxb7 23. Qd4+ Kb8 24. Qxh8+ Ka7 25. Qd4+ Kb8 26. Rxb7+ Kxb7 27. Rd1 1-0

[Event "POL-ch U18"]
[Site "Chotowa"]
[Date "2009.04.01"]
[Round "6"]
[White "Januszewski, Piotr"]
[Black "Pilarski, Dawid"]
[Result "0-1"]
[WhiteElo "1848"]
[BlackElo "1828"]
[PlyCount "89"]
[EventDate "2009.03.28"]
[EventType "swiss"]
[EventRounds "11"]
[EventCountry "POL"]
[SourceTitle "EXT 2011"]
[Source "ChessBase"]
[SourceDate "2010.11.26"]
[SourceVersion "1"]
[SourceVersionDate "2010.11.26"]
[SourceQuality "1"]

1. e4 e5 2. Nc3 Nc6 3. f4 d6 4. Bc4 Nd4 5. Nce2 Bg4 6. c3 Nxe2 7. Bxe2 Bxe2 8. Qxe2 exf4 9. Nf3 c6 10. d3 g5 11. 0-0 h5 12. e5 Qe7 13. Re1 0-0-0 14. exd6 Qxe2 15. Rxe2 f6 16. h4 g4 17. Nd4 Bxd6 18. Ne6 f3 19. gxf3 Re8 20. Nd4 Ne7 21. Bd2 Bc5 22. Rae1 Kd7 23. Kg2 Bxd4 24. cxd4 Nf5 25. fxg4 hxg4 26. Rf2 Nxh4+ 27. Kg3 Rxe1 28. Bxe1 Nf3 29. Bc3 Rg8 30. Re2 f5 31. Kf4 Rf8 32. a4 b6 33. Bb4 Rf7 34. Bc3 a5 35. Kg3 Re7 36. Rf2 Ke6 37. Kf4 Rf7 38. Re2+ Kd7 39. Rf2 Ng1 40. Rg2 Nh3+ 41. Kg3 f4+ 42. Kxg4 f3 43. Kxh3 Rh7+ 44. Kg3 fxg2 45. Kxg2 0-1